Vista normal Vista MARC

Entrada Personal Name

Número de registros utilizados en: 68

001 - CONTROL NUMBER

  • control field: 1

003 - CONTROL NUMBER IDENTIFIER

  • control field: DO-SdBNP

005 - DATE AND TIME OF LATEST TRANSACTION

  • control field: 20160721101208.0

008 - FIXED-LENGTH DATA ELEMENTS

  • fixed length control field: 821207n| azannaabn |a aaa

010 ## - LIBRARY OF CONGRESS CONTROL NUMBER

  • LC control number: n 82128027

035 ## - SYSTEM CONTROL NUMBER

  • System control number: (OCoLC)oca00824324

040 ## - CATALOGING SOURCE

  • Original cataloging agency: DLC
  • Language of cataloging: eng

046 ## - SPECIAL CODED DATES

  • Death date: 20011101

100 1# - HEADING--PERSONAL NAME

  • Personal name: Bosch, Juan,
  • Dates associated with a name: 1909-2001

370 ## - ASSOCIATED PLACE

  • Place of birth: Concepción de la Vega, República Dominicana
  • Place of death: Santo Domingo, República Dominicana

375 ## - GENDER

  • Gender: hombre

377 ## - ASSOCIATED LANGUAGE

  • Language code: spa

400 1# - SEE FROM TRACING--PERSONAL NAME

  • Control subfield: nnaa
  • Personal name: Bosch, Juan,
  • Titles and other words associated with a name: Presidente. República Dominicana,
  • Dates associated with a name: 1909-

400 1# - SEE FROM TRACING--PERSONAL NAME

  • Personal name: Bosch Gaviño, Juan,
  • Dates associated with a name: 1909-2001

400 1# - SEE FROM TRACING--PERSONAL NAME

  • Personal name: Gaviño, Juan Bosch,
  • Dates associated with a name: 1909-2001

400 1# - SEE FROM TRACING--PERSONAL NAME

  • Personal name: Bosch Gaviño, Juan Emilio,
  • Dates associated with a name: 1909-2001

510 1# - SEE ALSO FROM TRACING--CORPORATE NAME

  • Corporate name or jurisdiction name as entry element: República Dominicana.
  • Subordinate unit: Presidente (1963 : Bosch)

670 ## - SOURCE DATA FOUND

  • Source citation: La mañosa ... 1936.

670 ## - SOURCE DATA FOUND

  • Source citation: Peña, A. Democracia y golpe militar, 1979:
  • Information found: T.P. (Juan Bosch) p. 15 (b. 1908) [Información de la PjC]

670 ## - SOURCE DATA FOUND

  • Source citation: Enciclopedia. dominicana
  • Information found: (Bosch Gaviño, Juan; b. La Vega, Dom. Rep., 6/30/09)

670 ## - SOURCE DATA FOUND

  • Source citation: Encye. of Lat. Amer.
  • Information found: (Bosch, Juan; b. 1909)

670 ## - SOURCE DATA FOUND

  • Source citation: Gerónimo, Joaquín, En el nombre de Bosch, 2001:
  • Information found: p. 285 (d. Nov. 1, 2001 in Santo Domingo)